000 00871nam a2200265Ia 4500
001 Para_10405
003 CHAP
008 220125sJuni xx 000 0 und d
010 _a209085
040 _cCHAP
090 _aPA CD - TESIS 429
100 _aPérez Flores, Anahí Michell
_989656
245 _aEtiología de la pudrición del cuello en anturio (Anthurium andreanum) en México /
_c Anahí Michell Pérez Flores; Director ?
260 _aChapingo, Méx. :
_b el autor
300 _a1 CDS ROM ( p.)
502 _aTesis (M.C. en Protección Vegetal). UACh. Departamento Parasitología Agrícola
710 _aUACh Departamento Parasitología Agrícola
901 _aPA CD - TESIS 429
902 _aM
905 _a513220Junio, 2015 8100000000 06
910 _aJuni
942 _cPARA
942 _cPARA
_d2
999 _c209085
_d209085